<?xml version="1.0" encoding="UTF-8"?>
<record
    xmlns:xsi="http://www.w3.org/2001/XMLSchema-instance"
    xsi:schemaLocation="http://www.loc.gov/MARC21/slim http://www.loc.gov/standards/marcxml/schema/MARC21slim.xsd"
    xmlns="http://www.loc.gov/MARC21/slim">

  <leader>01712nam a2200397 i 4500</leader>
  <controlfield tag="001">89056</controlfield>
  <controlfield tag="003">ES-MaACL</controlfield>
  <controlfield tag="005">20250817143245.0</controlfield>
  <controlfield tag="007">t|</controlfield>
  <controlfield tag="008">050126s2004    sp           ||||1| spa d</controlfield>
  <datafield tag="020" ind1=" " ind2=" ">
    <subfield code="a">84-96145-17-4</subfield>
  </datafield>
  <datafield tag="080" ind1=" " ind2=" ">
    <subfield code="a">262.4(460.188)</subfield>
  </datafield>
  <datafield tag="080" ind1=" " ind2=" ">
    <subfield code="a">093(460.188 S.)(091)</subfield>
  </datafield>
  <datafield tag="080" ind1=" " ind2=" ">
    <subfield code="a">655.11(460.188 S.)(091)</subfield>
  </datafield>
  <datafield tag="080" ind1=" " ind2=" ">
    <subfield code="a">27(460.188)</subfield>
  </datafield>
  <datafield tag="110" ind1="2" ind2=" ">
    <subfield code="a">Segovia (Di&#xF3;cesis). </subfield>
    <subfield code="b">S&#xED;nodo. </subfield>
    <subfield code="f">1472.</subfield>
    <subfield code="9">6540</subfield>
  </datafield>
  <datafield tag="245" ind1="1" ind2="0">
    <subfield code="a">Sinodal de Aguilafuente </subfield>
    <subfield code="b">: primer libro impreso en Espa&#xF1;a (Segovia, Juan P&#xE1;rix, c. 1472) / </subfield>
    <subfield code="c">edici&#xF3;n, Ferm&#xED;n de los Reyes G&#xF3;mez ; transcripci&#xF3;n, Susana Vilches y Pompeyo Mart&#xED;n ; pr&#xF3;logo, Silvia Clemente Municio ; preliminares Atilano Soto y Gonzalo Santonja.</subfield>
  </datafield>
  <datafield tag="260" ind1=" " ind2=" ">
    <subfield code="a">[Segovia] : </subfield>
    <subfield code="b">Instituto Castellano y Leon&#xE9;s de la Lengua, </subfield>
    <subfield code="c">[2004]</subfield>
  </datafield>
  <datafield tag="300" ind1=" " ind2=" ">
    <subfield code="a">154, [99] p. ; </subfield>
    <subfield code="c">23 cm.</subfield>
  </datafield>
  <datafield tag="490" ind1="1" ind2=" ">
    <subfield code="a">Libros singulares ; </subfield>
    <subfield code="v">1</subfield>
  </datafield>
  <datafield tag="500" ind1=" " ind2=" ">
    <subfield code="a">En la port.: Junta de Castilla y Le&#xF3;n, Caja Segovia, Obra Social y Cultural.</subfield>
  </datafield>
  <datafield tag="504" ind1=" " ind2=" ">
    <subfield code="a">Bibliograf&#xED;a: p. 85-89.</subfield>
  </datafield>
  <datafield tag="534" ind1=" " ind2=" ">
    <subfield code="p">Reprod. de la ed. de: </subfield>
    <subfield code="c">-- Segovia : Juan P&#xE1;rix, ca. 1472.</subfield>
  </datafield>
  <datafield tag="610" ind1="2" ind2="7">
    <subfield code="a">Segovia (Di&#xF3;cesis). </subfield>
    <subfield code="b">S&#xED;nodo. </subfield>
    <subfield code="f">1472. </subfield>
    <subfield code="t">Sinodal de Aguilafuente.</subfield>
    <subfield code="9">6541</subfield>
  </datafield>
  <datafield tag="650" ind1="1" ind2="4">
    <subfield code="a">Imprenta-</subfield>
    <subfield code="x">Segovia</subfield>
    <subfield code="9">13614</subfield>
  </datafield>
  <datafield tag="651" ind1=" " ind2="4">
    <subfield code="a">Segovia (Di&#xF3;cesis)-</subfield>
    <subfield code="x">Historia eclesi&#xE1;stica-</subfield>
    <subfield code="y">S.XV.</subfield>
    <subfield code="9">9373</subfield>
  </datafield>
  <datafield tag="700" ind1="1" ind2=" ">
    <subfield code="a">Reyes G&#xF3;mez, Ferm&#xED;n de los.</subfield>
    <subfield code="9">96584</subfield>
  </datafield>
  <datafield tag="700" ind1="1" ind2=" ">
    <subfield code="a">Mart&#xED;n P&#xE9;rez, Pompeyo.</subfield>
    <subfield code="9">77607</subfield>
  </datafield>
  <datafield tag="700" ind1="1" ind2=" ">
    <subfield code="a">Clemente Municio, Silvia.</subfield>
    <subfield code="9">39207</subfield>
  </datafield>
  <datafield tag="700" ind1="1" ind2=" ">
    <subfield code="a">Soto, Atilano.</subfield>
    <subfield code="9">107478</subfield>
  </datafield>
  <datafield tag="700" ind1="1" ind2=" ">
    <subfield code="a">Santonja, Gonzalo, </subfield>
    <subfield code="d">1952-</subfield>
    <subfield code="9">103451</subfield>
  </datafield>
  <datafield tag="700" ind1="1" ind2=" ">
    <subfield code="a">Vilches Crespo, Susana.</subfield>
    <subfield code="9">154087</subfield>
  </datafield>
  <datafield tag="830" ind1="0" ind2=" ">
    <subfield code="a">Libros singulares ; </subfield>
    <subfield code="v">1</subfield>
    <subfield code="9">191853</subfield>
  </datafield>
  <datafield tag="852" ind1=" " ind2=" ">
    <subfield code="a">ES-MaACL</subfield>
    <subfield code="j">L-28703 </subfield>
    <subfield code="b">R.135015</subfield>
  </datafield>
  <datafield tag="999" ind1=" " ind2=" ">
    <subfield code="c">89056</subfield>
    <subfield code="d">89056</subfield>
  </datafield>
  <datafield tag="952" ind1=" " ind2=" ">
    <subfield code="0">0</subfield>
    <subfield code="1">0</subfield>
    <subfield code="4">0</subfield>
    <subfield code="7">0</subfield>
    <subfield code="a">ATENEOM</subfield>
    <subfield code="b">ATENEOM</subfield>
    <subfield code="c">DEPO2</subfield>
    <subfield code="d">2008-01-17</subfield>
    <subfield code="e">SC</subfield>
    <subfield code="l">0</subfield>
    <subfield code="o">L-28703</subfield>
    <subfield code="p">1093011</subfield>
    <subfield code="r">2023-02-23 00:00:00</subfield>
    <subfield code="w">2023-02-23</subfield>
    <subfield code="y">MONOGRAFIA</subfield>
  </datafield>
</record>
